KANSAS V ČECHÁCH

Bibliographic Details
Main Author: Kubín, M. (Author)
Format: Article
Language:Slovak
Czech

MARC

LEADER 00000nab a2200000ua 4500
001 vtls010763955
003 SK-MaSNL
005 20260304203615.0
008 250718s1994 xo |||||||||||||||||slo|
035 |a (urnnbn)urn:nbn:sk:snk:ar-a0683l 
035 |a (uuid)74aa4977-9d12-41d3-96bb-7e0ab64d4e11 
035 |a urn:nbn:sk:snk-ab4wvn 
040 |a SNKBUCL  |b slo  |c SNKBUCL  |e AACR2 
041 0 |a cze 
044 |a xo  |c SK 
100 1 |a Kubín, M.  |4 aut  |9 933434 
245 1 0 |a KANSAS V ČECHÁCH  |c M. Kubín 
773 0 |t Studia pneumologica et phtiseologica : časopis Slovenskej pneumologickej a ftizeologickej spoločnosti a České pneumolologické a ftizeologické společnosti  |g Roč. 54, č. 3 (1994), s. 222-225 
850 |a Slovenská národná knižnica 
852 |a Slovenská národná knižnica 
958 |a article3 
958 |a OND 
958 |a EUIPO 
999 |c 3110725  |d 3112655